000 00458nam a22001817a 4500
005 20230109103152.0
008 221219b |||||||| |||| 00| 0 eng d
020 _a939292418-6
041 _aeng
082 _a611.01 GUP-C
100 _aGUPTA ,P.K
245 _aCYTOGENETICS : INCLUDING MOLECULAR CYTOGENETICS
250 _a2nd ed.
260 _aDELHI
_bRASTOGI PUBLICATIONS
_c2022
300 _a511;P.
650 _aAGRICULTURE
_92837
942 _cBK
999 _c8130
_d8128